Smarter Than the Average Sporcler? Quiz Stats

 Plays Quiz Updated Dec 26, 2018

Support Sporcle.
Go Orange.
Score 0/20 Timer 06:00
3 Plays Today
Question Answer % Correct
What does MYOB stand for?Mind Your Own Business
65.7%
Name the band with the initials FF that did the song 'Best of You.'Foo Fighters
61.8%
Complete the five letter word that begins with these two letters: E J _ _ _Eject
61.2%
This is an antonym for what book title: 'To There From Temporary'From Here to Eternity
55.8%
On Feb. 15, 1991, this infamous doctor was barred by a Michigan court from assisting in suicides.Dr. Jack Kevorkian
53.5%
What golfer is known by the nickname 'The Golden Bear'?Jack Nicklaus
52.1%
Translate the Broadway musical from its Spanish title: 'Siete Novias para Siete Hermanos'Seven Brides for Seven Brothers
49.5%
What product goes with the slogan 'Strong enough for a man, but made for a woman'?Secret
48.4%
What 2009 movie had the characters Michael Oher, Leigh Anne Tuohy, and Sean Tuohy?The Blind Side
47.9%
What country is named after the Biblical name for the patriarch Jacob?Israel
47.7%
Question Answer % Correct
What Christmas carol contains the snippet 'hurry down the chimney'?Santa Baby
43%
What state is this beer from: 'Yuengling Lager'Pennsylvania
41.5%
What author created the characters Jim Hawkins, Squire Trelawney, and Long John Silver?Robert Louis Stevenson
36.9%
After his time in office, this president became Chief Justice of the U.S. Supreme Court.William Howard Taft
33.7%
Name the 1990s TV show whose lead actors' first names were Shannen and Alyssa.Charmed
31.6%
Who said: 'Have you ever noticed that anybody going slower than you is an idiot and anyone going faster than you is a maniac?'George Carlin
31.4%
What is the code for Philadelphia International Airport?PHL
30.7%
Valletta is the capital of what European country?Malta
30.4%
What does FDIC stand for?Federal Deposit Insurance Corporation
26.7%
In what U.S. city would you find Raymond James Stadium?Tampa
25.7%

From the Vault

Sunday Crossword: Insane Anagrams! III

by BookishGirl98

Hopefully getting stuff wrong wont leave you feeling too cross.
Remove Ads.
Support Sporcle.
Get the best of Sporcle when you Go Orange. This ad-free experience offers more features, more stats, and more fun while also helping to support Sporcle. Thank you for becoming a member.

Show Comments

Extras

Top Quizzes Today


Score Distribution

Your Account Isn't Verified!

In order to create a playlist on Sporcle, you need to verify the email address you used during registration. Go to your Sporcle Settings to finish the process.

Report this User

Report this user for behavior that violates our Community Guidelines.

Details: